| 000 | 01156nac a22003131i 4500 | ||
|---|---|---|---|
| 003 | EG-ScBUE | ||
| 005 | 20241027131633.0 | ||
| 008 | 241027t1998 maua f b 001 0 eng d | ||
| 020 | _a0763706205 | ||
| 020 | _a9780763706203 | ||
| 040 |
_aEG-ScBUE _beng _erda _cEG-ScBUE _dEG-ScBUE |
||
| 082 | 0 | 4 |
_a518.1 _bNEA _222 |
| 100 | 1 |
_aNeapolitan, Richard E., _eauthor. |
|
| 245 | 1 | 0 |
_aFoundations of algorithms using C++ pseudocode / _cRichard E. Neapolitan, Kumarss Naimipour, Northeastern Illinois University. |
| 250 | _aSecond edition. | ||
| 264 | 1 |
_aSudbury, Mass. : _bJones and Bartlett Publishers, _c[1998] |
|
| 264 | 4 | _cc1998 | |
| 300 |
_axv, 523 pages : _billustrations ; _c25 cm |
||
| 336 |
_2rdacontent _atext _btxt |
||
| 337 |
_aunmediated _2rdamedia _bn |
||
| 338 |
_avolume _bnc _2rdacarrier |
||
| 500 | _aRev. ed. of: Foundations of algorithms. Lexington, Mass. : D.C. Heath, c1996. | ||
| 504 | _aIncludes bibliographical references and index. | ||
| 650 | 7 |
_aAlgorithms. _2BUEsh |
|
| 650 | 7 |
_aConstructive mathematics. _2BUEsh |
|
| 650 | 7 |
_aComputational complexity. _2BUEsh |
|
| 700 | 1 |
_aNaimipour, Kumarss, _eauthor. |
|
| 942 |
_cBB _2ddc |
||
| 999 |
_c4205 _d4205 |
||